|
|
|
|
| LEADER |
00964nam a22002532a 4500 |
| 001 |
001174876 |
| 003 |
CZ BrMZK |
| 005 |
20150123135516.0 |
| 007 |
ta |
| 008 |
111017s1956 xr a er|||||||||||cze d |
| 015 |
|
|
|a cnb000723467
|
| 035 |
|
|
|a (OCoLC)85454351
|
| 040 |
|
|
|a ABA001
|b cze
|c BOA001
|d ABA001
|
| 100 |
1 |
|
|a Glos, Bohuslav,
|d 1905-1979
|7 jk01032475
|4 aut
|
| 245 |
1 |
0 |
|a Socialistické hospodářství :
|b plánování průmyslových podniků : učebnice pro 4. ročník hospodářských škol čtyrletých - obor ekonomika, organisace a plánování průmyslu /
|c Bohuslav Glos
|
| 250 |
|
|
|a 3. vyd.
|
| 260 |
|
|
|a Praha :
|b Státní pedagogické nakladatelství,
|c 1956
|
| 300 |
|
|
|a 213 s. :
|b il.
|
| 490 |
1 |
|
|a Učebnice odborných škol
|
| 830 |
|
0 |
|a Učebnice odborných škol
|0 s
|
| 910 |
|
|
|a BOA001
|b 2-0364.188
|b TK-0065.113
|
| 990 |
|
|
|a BK
|
| 991 |
|
|
|b 201410
|
| 996 |
6 |
|
|b 2619152113
|c 2-0364.188
|l MZK
|r Sklad / do 24 hodin
|n 0
|w 001208342
|u 000020
|a 1
|e BOA001
|j MZK50
|s P
|